Vainqueurs de la ldc depuis 2000 - Statistiques

Statistiques générales
  • Ce quiz a été pris 441 fois
  • Le résultat moyen est 25 sur 26
Statistiques - réponses
Hint Réponse % Correct
2015 FC Barcelone
99%
2011 FC Barcelone
99%
2009 FC Barcelone
99%
2006 FC Barcelone
99%
2023 Manchester city
99%
2025 PSG
99%
2024 Real Madrid
99%
2022 Real Madrid
99%
2018 Real Madrid
99%
2017 Real Madrid
99%
2016 Real Madrid
99%
2014 Real Madrid
99%
2002 Real Madrid
99%
2000 Real Madrid
99%
2020 Bayern Munich
98%
2013 Bayern Munich
98%
2001 Bayern Munich
98%
2019 Liverpool
97%
2005 Liverpool
97%
2021 Chelsea
95%
2012 Chelsea
95%
2008 Manchester United
95%
2007 AC Milan
94%
2003 AC Milan
94%
2010 Inter Milan
94%
2004 FC Porto
77%
Aucun quiz correspondant
Distribution des résultats
% des personnes avec chaque résultat
Percentile par nombre de réponses
Votre historique - résultats
Vous n’avez pas pris ce quiz